000 00632nam a2200229Ia 4500
003 OSt
005 20220926042925.0
006 a|||||r|||| 00| 0
007 ta
008 220923b |||||||| |||| 00| 0 eng d
037 _cGeneral Book
040 _aRTL
_cRTL
_beng
041 _2eng
_aeng
082 _aB42, K1
100 _aElsgolc L E
245 0 _aCalculus of variations
260 _c1961
490 _aInternational Series of Monographs on Pure and Applied Mathematics ed by I N Sneddon etc, 19
650 _aSpecial Functions
942 _hB42, K1
_cGB
_2CC
999 _c670931
_d670931